Welcome to the Holygrace Academy Library

Please use search bar below to get started

INTRODUCTION TO THE CONSTITUION OF INDIA (Record no. 1589)

MARC details
000 -LEADER
fixed length control field 00414nam a22001457a 4500
082 ## - DEWEY DECIMAL CLASSIFICATION NUMBER
Classification number 342
Item number BAS/I
100 ## - MAIN ENTRY--AUTHOR NAME
Personal name BASU'S, DURGA DAS
245 ## - TITLE STATEMENT
Title INTRODUCTION TO THE CONSTITUION OF INDIA
Remainder of title SOCIAL SCIENCE
246 ## - VARYING FORM OF TITLE
Title proper/short title INTRODUCTION TO THE CONSTITUTION OF INDIA
Remainder of title SOCIAL SCIENCE
260 ## - PUBLICATION, DISTRIBUTION, ETC. (IMPRINT)
Place of publication NEW DELHI
Name of publisher WADHWA AND COMPANY
Year of publication 2006
300 ## - PHYSICAL DESCRIPTION
Number of Pages 499
520 ## - SUMMARY, ETC.
Summary, etc SOCIAL SCIENCE
650 ## - SUBJECT ADDED ENTRY--TOPICAL TERM
Topical Term SOCIAL SCIENCE
942 ## - ADDED ENTRY ELEMENTS (KOHA)
Koha item type Books
Holdings
Withdrawn status Lost status Collection code Home library Current library Shelving location Date acquired Source of acquisition Cost, normal purchase price Full call number Accession Number Koha item type
    Reference Main Library Main Library SHELF-5 G REFERENCE SOCIAL SCIENCE 24/10/2006 Purchase 145.00 342 BAS/I 04213 Books